| 000 | 00567nam a2200217Ia 4500 | ||
|---|---|---|---|
| 008 | 160803s9999 xx 000 0 und d | ||
| 020 | _a9780439341141 | ||
| 100 | _aHerman, Gail | ||
| 245 | _aMummies at the mall / | ||
| 245 | _cby Gail Herman ; illustrated by Duendes del Sur. | ||
| 260 | _aNew York : | ||
| 260 | _bScholastic Inc. | ||
| 260 | _c2002 | ||
| 300 | _a32 pages : | ||
| 300 | _bcolor illustrations ; | ||
| 300 | _c20 cm. | ||
| 440 | _aScooby-Doo readers ; | ||
| 440 | _v#11. | ||
| 650 | _aDetective and mystery stories. | ||
| 700 | _a160 | ||
| 999 |
_c298997 _d298997 |
||